La ciencia de la revolución (Marx-Lenin) / (Record no. 98787)

MARC details
000 -LEADER
campo de control de longitud fija 00697nam a2200217 i 4500
001 - NÚMERO DE CONTROL
campo de control 98787
003 - IDENTIFICADOR DE NÚMERO DE CONTROL
campo de control ES-MaACL
005 - FECHA Y HORA DE LA ÚLTIMA TRANSACCIÓN
campo de control 20250818070628.0
007 - CAMPO FIJO DE DESCRIPCIÓN FÍSICA--INFORMACIÓN GENERAL
campo de control de longitud fija t|
008 - DATOS DE LONGITUD FIJA--INFORMACIÓN GENERAL
campo de control de longitud fija 051025q1935 sp ||||1| spa d
100 1# - ENTRADA PRINCIPAL--NOMBRE DE PERSONA
Nombre de persona Eastman, Max.
9 (RLIN) 46451
245 13 - MENCIÓN DEL TÍTULO
Título La ciencia de la revolución (Marx-Lenin) /
Mención de responsabilidad, etc. Max Eastman ; traducido por F. Susanna.
260 ## - PUBLICACIÓN, DISTRIBUCIÓN, ETC.
Lugar de publicación, distribución, etc. Barcelona :
Nombre del editor, distribuidor, etc. [Catalonia,
Fecha de publicación, distribución, etc. ca. 1935] (
Fabricante A. López Llausas)
300 ## - DESCRIPCIÓN FÍSICA
Extensión X, 11-230 p. ;
Dimensiones 19 cm.
600 14 - PUNTO DE ACCESO ADICIONAL DE MATERIA--NOMBRE DE PERSONA
Nombre de persona Marx, Karl,
Fechas asociadas al nombre 1818-1883
9 (RLIN) 78590
600 14 - PUNTO DE ACCESO ADICIONAL DE MATERIA--NOMBRE DE PERSONA
Nombre de persona Lenin, Vladimir Il'ich,
Fechas asociadas al nombre 1870-1924
9 (RLIN) 71523
650 17 - PUNTO DE ACCESO ADICIONAL DE MATERIA--TÉRMINO DE MATERIA
Término de materia o nombre geográfico como elemento de entrada Revoluciones
Fuente del encabezamiento o término embne
9 (RLIN) 16897
700 1# - ENTRADA AGREGADA--NOMBRE PERSONAL
Nombre de persona Susanna, Francisco.
9 (RLIN) 108845
852 ## - LOCALIZACIÓN
Ubicación ES-MaACL
Número de control de estantería B-36
Holdings
Estatus retirado Estado de pérdida Estado de daño No para préstamo Biblioteca de origen Biblioteca actual Ubicación en estantería Fecha de adquisición Fuente de adquisición Total de préstamos Signatura topográfica completa Código de barras Visto por última vez Precio de reemplazo Tipo de ítem Koha
        Biblioteca del Ateneo de Madrid Biblioteca del Ateneo de Madrid Sala Pardo Bazán 17/01/2008     B-36 1103143 23/02/2023 23/02/2023 Libro impreso